000 00653nam a2200241Ia 4500
003 OSt
005 20221007070826.0
006 a|||||r|||| 00| 0
007 ta
008 221006b |||||||| |||| 00| 0 eng d
024 _a27,823
037 _cTextual
040 _aFLL
_cFLL
_beng
041 _2eng
_aeng
082 _aZ73:166, J4
100 _aNewlon Robert W.
_9687764
245 0 _aBankruptcy practice and procedure
250 _a2nd
260 _aIndianapolis
_bThe Allen Smith Company Indianapolis
_c1954
300 _axii,938p
_ccm.
942 _hZ73:166, J4
_cTEXL
_2CC
999 _c1141639
_d1141639